00586 2200193 4500001002100000005001500021035002000036007000300056008003900059082001000098084001600108100001400124245011800138260005800256300004200314650001100356650001200367022001300379INLIS00000000000087320240819100142 a0010-0824000238ta240819 | | |  a633.3 a633.3 YUS r0 aYushan Wu1 aResponses to shade and subsequent recovery of soya bean in maize-soya bean relay strip intercropping /cYushan Wu aUnited Kingdom, Kyoto :bTaylor & Francis Ltd.,c2016 a1-10 hlm, :bilus, ;c21 cm X 29,5 cm 4aJurnal 4aKedelai a13491008